书目信息 |
| 题名: |
引领青少年的奇妙民风故事
|
|
| 作者: | 竭宝峰 主编 | |
| 分册: | ||
| 出版信息: | 沈阳 辽海出版社 2011.01 |
|
| 页数: | 198页 | |
| 开本: | 24cm | |
| 丛书名: | ||
| 单 册: | ||
| 中图分类: | I14 | |
| 科图分类: | ||
| 主题词: | 小说--作品集--世界 | |
| 电子资源: | ||
| ISBN: | 978-7-5451-0447-9 | |
| 000 | 00640nam0 2200205 450 | |
| 001 | 1157735106 | |
| 005 | 20111228170152.35 | |
| 010 | @a978-7-5451-0447-9@dCNY27.80 | |
| 100 | @a20111228d2011 km y0chiy0120 ea | |
| 101 | 0 | @achi |
| 102 | @aCN@b210000 | |
| 105 | @ay z 000yy | |
| 200 | 1 | @a引领青少年的奇妙民风故事@Ayin ling qing shao nian de qi miao min feng gu shi@f竭宝峰主编@Fjie bao feng zhu bian |
| 210 | @a沈阳@c辽海出版社@d2011.01 | |
| 215 | @a198页@d24cm | |
| 606 | 0 | @a小说@x作品集@x世界 |
| 690 | @aI14@v4 | |
| 701 | 0 | @a竭宝峰@Ajie bao feng@4主编 |
| 801 | 0 | @aCN@bZZRC@c20111228 |
| 905 | @a郑州市财税学校图书馆@dI14@eJ71631@f3 | |
| 引领青少年的奇妙民风故事/竭宝峰主编.-沈阳:辽海出版社,2011.01 |
| 198页;24cm |
| ISBN 978-7-5451-0447-9:CNY27.80 |
| ● |
| 相关链接 |
|
|
|
正题名:引领青少年的奇妙民风故事
索取号:I14/J71631
 
预约/预借
| 序号 | 登录号 | 条形码 | 馆藏地/架位号 | 状态 | 备注 |
| 1 | 1186453 | 211864534 | 文学库108/108文学库 3排1列4层/ [索取号:I14/J71631] | 在馆 | |
| 2 | 1186454 | 211864543 | 文学库108/108文学库 3排1列4层/ [索取号:I14/J71631] | 在馆 | |
| 3 | 1186455 | 211864552 | 社科二线400B/400B社科库 15排3列1层/ [索取号:I14/J71631] | 在馆 |